Sports Quiz

Random Sports or Letter Quiz
Score 0/45 Timer 10:00
0 Plays Today
Team(s) Name % Correct
OAKBrett Anderson
83.3%
MILChase Anderson
83.3%
CLECody Anderson
83.3%
PHIDrew Anderson
83.3%
LAAJustin Anderson
83.3%
MIA/TBNick Anderson
83.3%
SFShaun Anderson
83.3%
OAKTanner Anderson
83.3%
COLTyler Anderson
83.3%
TORJason Adam
66.7%
MIN/DETAustin Adams
66.7%
WSH/SEAAustin Adams
66.7%
NYYChance Adams
66.7%
PHIJose Alvarez
50%
PHIJake Arrieta
50%
SFFernando Abad
41.7%
LAACody Allen
41.7%
SD/CLELogan Allen
41.7%
TBJose Alvarado
33.3%
ARIAlex Avila
33.3%
SDPedro Avila
33.3%
MILMatt Albers
25%
DETVictor Alcantara
25%
Team(s) Name % Correct
LADScott Alexander
25%
DETTyler Alexander
25%
PITChris Archer
25%
MIASandy Alcantara
25%
SEA/CINR.J. Alaniz
16.7%
TEXKolby Allard
16.7%
CHCAdbert Alzolay
16.7%
ARIMatt Andriese
16.7%
PHIVictor Arano
16.7%
HOURogelio Armenteros
16.7%
SEA/BALShawn Armstrong
16.7%
NYMLuis Avilan
16.7%
HOUBryan Abreu
8.3%
MINEhire Adrianza
8.3%
PITDario Agrazal
8.3%
MINJorge Alcala
8.3%
COLYency Almonte
8.3%
PHI/SF/NYMAaron Altherr
8.3%
BALHanser Alberto
0%
SEADan Altavilla
0%
BALPedro Araujo
0%
KCHumberto Arteaga
0%
Remove Ads.
Support Sporcle.
Get the best of Sporcle when you Go Orange. This ad-free experience offers more features, more stats, and more fun while also helping to support Sporcle. Thank you for becoming a member.

You're not logged in!

Compare scores with friends on all Sporcle quizzes.
OR
Log In

Show Comments

Extras

Created Sep 29, 2019ReportNominate
Tags:Letter Quiz, 2019, team

Top Quizzes Today


Score Distribution

Your Account Isn't Verified!

In order to create a playlist on Sporcle, you need to verify the email address you used during registration. Go to your Sporcle Settings to finish the process.

Report this User

Report this user for behavior that violates our Community Guidelines.

Details: